000 00854nam a22002777a 4500
001 3046
003 FISKH
005 20240201103314.0
008 240201b cb ||||| |||| 00| 0 eng d
020 _a9780545016599
040 _aFISKH
_beng
_cFISKH
_dFISKH
050 _a420
100 _aDaniels, Mickey
245 _aSome dogs are very good /
_cby Daniels, Mickey : illustrated by Torrey, Richard
250 _aFirst printing , November 2007
260 _aNew York ;
_bScholastic ,
_c2007
300 _a16 pages :
_bcolor illustrations ;
_c26 cm .
490 _a Sight Word Tales
505 _aE
520 _aFind out what Spot is very good at in this very funny story.
521 8 _a280
_bLexile
521 8 _aE
_bRaz-Plus
600 _2sight words
_vearly reader
700 _aTorrey, Rechard
942 _2ddc
_cBK
_n0
999 _c3046
_d3046